Statistics for First and Last - Australia

Click here to take the quiz!

General Stats

  • This quiz has been taken 15 times
  • The average score is 6 of 10

Answer Stats

GroupSub-DivisionPopulationName of Settlement% Correct
FirstQueensland2.1mBrisbane
100%
LastNew South Wales4.3mSydney
100%
FirstSouth Australia1.2mAdelaide
87%
LastNew South Wales262kWollongong
53%
LastQueensland169kTownsville
47%
FirstVictoria94kBallarat
40%
FirstVictoria92kBendigo
40%
LastQueensland243kSunshine Coast
40%
FirstNew South Wales83kAlbury
33%
LastQueensland100kToowoomba
33%

Score Distribution

Percentile by Number Answered

Percent of People with Each Score

Your Score History

You have not taken this quiz